000 nam a22 a 4500
999 _c3491
_d3491
003 AKMAL
005 20170523093937.0
008 170522s2014 at a e 001 0 eng d
020 _a9781133933755
_qpaperback
_cRM641.06
039 9 _a201602031516
_biliza
_c201506100949
_dmanirah
082 0 4 _a658.45 WAL
_223
090 0 0 _a658.45
_bWAL
100 1 _aWalker, Robyn,
_eauthor.
_96994
245 1 0 _aStrategic management communication FOR LEADERS /
_cby Robyn Walker
250 _a3rd edition
263 _a201402
264 1 _aAustralia :
_bCENGAGE Learning,
_c2014
300 _axvii, 408 pages :
_billustrations ;
_c25 cm
504 _aIncludes bibliographical references and index
650 1 0 _aCommunication in management
_92708
650 2 0 _aLeadership
_9120
942 _2ddc
_cBOOK